01510cam a2200301 4500001001300000003000400013005001700017008004100034010001700075040004500092050002300137082002100160100002300181245010700204260004700311300002000358490005100378500003900429500017600468501019100644501015100835650003900986650004001025700004901065710002901114830004801143999001701191gs 67000171 DLC20260227111420.0690606s1966 ksu b 000 0 eng c ags 67000171  aU.S. Geological Survey LibrarycDLCdDLC00aQE113b.A2 no. 18200a016.553/79/097811 aRoberts, Robert S.10aGround water in Kansas :bbibliography and subject index /cby Robert S. Roberts and Warren G. Hodson. aLawrence :b[University of Kansas],c1966. a41 p. ;c25 cm.1 aKansas. State Geological Survey. Bulletinv182 aUniversity of Kansas publications. aPrepared as part of the cooperative ground-water program in Kansas conducted by the U.S. Geological Survey, the State Geological Survey of Kansas and other State agencies. aWith : Compositional variance in the Plattsmouth Limestone Member (Pennsylvanian) in Kansas / by O. Karmie Galle and Wanda N. Waugh, 1966. Bound together subsequent to publication.5DLC aCopy 2 with : Geology and ground-water resources of Miami County, Kansas / by Don E. Miller, 1966. Bound together subsequent to publication.5DLC 0aGroundwaterzKansasvBibliography. 0aWater-supplyzKansasvBibliography.1 aHodson, Warren Gayler,d1921-ejoint author.2 aGeological Survey (U.S.) 0aBulletin (Kansas Geological Survey) ;v182. c30316d30316